| 000 | 00559nam a2200157Ia 4500 | ||
|---|---|---|---|
| 008 | 210430s9999 xx 000 0 und d | ||
| 020 | _a9780070145870 | ||
| 082 | _a660.29 S639 I | ||
| 100 |
_aSmith, J.M, H.C. Van Ness, M. M. Abbott. _9127077 |
||
| 245 |
_aIntroduction to chemical engineering thermodynamics 7th edition / _cSmith J. M. |
||
| 250 | _a7th edition | ||
| 260 |
_a[S.l.] : _bMcGraw-Hill Science/Engineering/Math, _c2004 |
||
| 300 | _a840 p. ; | ||
| 856 | _uhttp://www.amazon.com/exec/obidos/ASIN/0073104450/chopaconline-20 | ||
| 942 |
_cBK _2ddc |
||
| 999 |
_c564031 _d564031 |
||